Club Deportivo de Playa Ancha. 1919-2019. 100 años

Na minha lista:
Detalhes bibliográficos
Autor principal: Leal Vergara, Patricio (autor)
Outros Autores: Flores Fica, Néstor (autor)
Formato: Livro
Idioma:inglês
Publicado em: Ministerio de las Culturas, las Artes y el Patrimonio, 2019
Assuntos:
Tags: Adicionar Tag
Sem tags, seja o primeiro a adicionar uma tag!

MARC

LEADER 00000nam a22000007a 4500
003 CL-VaPUC
005 20230529150932.0
008 210823b2019 ||||| |||| 00| 0 eng d
999 |c 433440  |d 433438 
040 |c Pontificia Universidad Católica de Valparaíso 
082 0 4 |2 21  |a 796.06 LEA 2019 
100 1 |a Leal Vergara, Patricio  |9 862588  |e autor 
245 1 0 |a Club Deportivo de Playa Ancha.   |b 1919-2019. 100 años 
260 |b Ministerio de las Culturas, las Artes y el Patrimonio,  |c 2019 
300 |a 103 páginas  
500 |a Donación Prof. Daniel Duclos B. (EFI) Memo Nº 2 / 21-7-2021 c.2 Donación Patricio Leal. Memo HIS/013 2023. 
500 |a Proyecto Financiado por el FONDART regional, Convocatoria 2019, región de Valparaíso 
583 |c 20210823  |k GC 
610 |a Club Deportivo de Playa Ancha  |9 863143  |x Historia 
650 |a Clubes deportivos  |9 425074  |z Chile 
700 |a Flores Fica, Néstor  |9 862589  |e autor 
942 |2 ddc  |c BK 
952 |0 0  |1 0  |2 ddc  |4 0  |6 796_060000000000000_LEA_2019  |7 0  |8 A  |9 578670  |a BIBEDU  |b BIBEDU  |d 2021-08-23  |i 5623324  |o 796.06 LEA 2019  |p 5623324  |r 2021-08-23  |t 1  |w 2021-08-23  |y BK  |k EFI 
952 |0 0  |1 0  |2 ddc  |4 0  |6 796_060000000000000_LEA_2019  |7 0  |8 A  |9 590282  |a BIBHIS  |b BIBHIS  |c GEN  |d 2023-05-29  |e Donación  |i 5657626  |l 1  |o 796.06 LEA 2019  |p 5657626  |r 2025-01-20  |s 2023-06-28  |t 2  |w 2023-05-29  |y BK  |k HIS